Психическое здоровье населения как основа национальной безопасности России (Запись № 3743594)

Подробности
000 -МАРКЕР
контрольное поле 02979nam0a2200397 i 4500
001 - ИДЕНТИФИКАТОР ЗАПИСИ
контрольное поле RU\NLR\bibl\1965792
005 - ИДЕНТИФИКАТОР ВЕРСИИ
контрольное поле 20260408094252.0
010 ## - МЕЖДУНАРОДНЫЙ СТАНДАРТНЫЙ НОМЕР КНИГИ (ISBN)
Номер (ISBN) 9785905498107
Тираж 150
021 ## - НОМЕР ГОСУДАРСТВЕННОЙ РЕГИСТРАЦИИ
Код страны Российская Федерация
Номер 2012-80613
Номер Листа государственной регистраци 5979
035 ## - ДРУГИЕ СИСТЕМНЫЕ НОМЕРА
Идентификатор записи (NLR Aleph) 001954724
100 ## - ДАННЫЕ ОБЩЕЙ ОБРАБОТКИ
Данные общей обработки 20121112d2012 k y0rusy50 ca
101 0# - ЯЗЫК РЕСУРСА
Язык текста, звукозаписи и т.д. русский
102 ## - СТРАНА ПУБЛИКАЦИИ ИЛИ ПРОИЗВОДСТВА
Страна публикации Российская Федерация
105 ## - ПОЛЕ КОДИРОВАННЫХ ДАННЫХ: ТЕКСТОВЫЕ МАТЕРИАЛЫ, МОНОГРАФИЧЕСКИЕ
Кодированные данные о монографическом текстовом документе y |||||||||
200 1# - ЗАГЛАВИЕ И СВЕДЕНИЯ ОБ ОТВЕТСТВЕННОСТИ
Основное заглавие Психическое здоровье населения как основа национальной безопасности России
Сведения, относящиеся к заглавию всероссийская научно-практическая конференция с международным участием и научно-практическая конференция Современные проблемы социальной и клинической сексологии, 13-15 сентября 2012 года, г. Казань
-- тезисы конференций
Первые сведения об ответственности под общ. ред. проф. Н.Г. Незнанова, проф. К.К. Яхина
210 ## - ПУБЛИКАЦИЯ, РАСПРОСТРАНЕНИЕ И ДР.
Место издания, распространения и т.д. Казань
-- СПб.
Имя издателя, распространителя и т. д. [б. и.]
Дата издания, распространения и т.д. 2012
215 ## - ФИЗИЧЕСКАЯ ХАРАКТЕРИСТИКА
Специфическое обозначение материала и объем 354 с.
Размеры 29
300 ## - ОБЩИЕ ПРИМЕЧАНИЯ
Текст примечания В надзаг.: М-во здравоохранения Рос. Федерации, М-во здравоохранения Респ. Татарстан, Рос. о-во психиатров [и др.]
606 ## - НАИМЕНОВАНИЕ ТЕМЫ КАК ПРЕДМЕТ
Наименование темы Клиническая сексология
Формальный подзаголовок Съезды, совещания и т.п.
Системный номер авторитетной/нормативной записи 2142503
Идентификатор авторитетной/нормативной записи RU\NLR\auth\661595731
606 ## - НАИМЕНОВАНИЕ ТЕМЫ КАК ПРЕДМЕТ
Наименование темы Психиатрия
Формальный подзаголовок Съезды, совещания и т.п.
Системный номер авторитетной/нормативной записи 906850
Идентификатор авторитетной/нормативной записи RU\NLR\auth\6610771
606 ## - НАИМЕНОВАНИЕ ТЕМЫ КАК ПРЕДМЕТ
Наименование темы Психоневрологическая помощь
Формальный подзаголовок Съезды, совещания и т.п.
Географический подзаголовок Российская Федерация
Системный номер авторитетной/нормативной записи 2210783
Идентификатор авторитетной/нормативной записи RU\NLR\auth\661328053
606 1# - НАИМЕНОВАНИЕ ТЕМЫ КАК ПРЕДМЕТ
Наименование темы Психическое здоровье
Формальный подзаголовок Съезды, совещания и т.п
Системный номер авторитетной/нормативной записи 1901018
Идентификатор авторитетной/нормативной записи RU\NLR\AUTH\661155303
686 ## - ИНДЕКСЫ ДРУГИХ КЛАССИФИКАЦИЙ
Индекс Р70я431(0)
686 ## - ИНДЕКСЫ ДРУГИХ КЛАССИФИКАЦИЙ
Индекс Р64я431(0)
686 ## - ИНДЕКСЫ ДРУГИХ КЛАССИФИКАЦИЙ
Индекс Р11(2)286.1я431(0)
686 1# - ИНДЕКСЫ ДРУГИХ КЛАССИФИКАЦИЙ
Индекс Ю948.1-8я431
702 #1 - ИМЯ ЛИЦА - ВТОРИЧНАЯ ОТВЕТСТВЕННОСТЬ
Начальный элемент ввода Незнанов
Часть имени, кроме начального элемента ввода Н. Г.
Расширение инициалов личного имени Николай Григорьевич
Код отношения Редактор
711 12 - НАИМЕНОВАНИЕ ОРГАНИЗАЦИИ - АЛЬТЕРНАТИВНАЯ ОТВЕТСТВЕННОСТЬ
Начальный элемент ввода "Психическое здоровье населения как основа национальной безопасности России", всероссийская научно-практическая конференция с международным участием
Дата проведения временной организации 2012
Место проведения временной организации Казань
Идентификатор авторитетной/нормативной записи RU\NLR\AUTH\8810235016
Системный номер авторитетной/нормативной записи 355194
711 12 - НАИМЕНОВАНИЕ ОРГАНИЗАЦИИ - АЛЬТЕРНАТИВНАЯ ОТВЕТСТВЕННОСТЬ
Начальный элемент ввода "Современные проблемы социальной и клинической сексологии", научно-практическая конференция
Дата проведения временной организации 2012
Место проведения временной организации Казань
Идентификатор авторитетной/нормативной записи RU\NLR\AUTH\8810235017
Системный номер авторитетной/нормативной записи 355196
801 #0 - ИСТОЧНИК ЗАПИСИ
Страна Российская Федерация
Организация NLR
Дата составления 20121112
Правила каталогизации RCR
801 #1 - ИСТОЧНИК ЗАПИСИ
Страна Российская Федерация
Организация NLR
Дата составления 20121112
942 ## - ДОПОЛНИТЕЛЬНЫЕ ЭЛЕМЕНТЫ ЗАПИСИ (АБИС)
Тип экземпляра АБИС Книга
980 ## - КОЛЛЕКЦИЯ
Название коллекции НБР

Нет доступных экземпляров.